000 00472nam a2200193Ia 4500
008 101110s9999 xx 000 0 und d
041 _aENGLISH
082 _bSR24044
100 _aChopde L. N., Choudhari D. H., etc
245 _aCost accounting (TYBCOM)
365 _b125
520 _aCommerce
546 _aENGLISH
630 _aCost accounting (TYBCOM)
650 _aCommerce
655 _aCommerce
730 _aCost accounting (TYBCOM)
942 _cBOOK
999 _c816719
_d816716